000 00442nam a22001577a 4500
003 NUST
020 _a978-7308197441
038 _akhadija
082 _a347.5109
_bWAN
100 _a Wang, Guiguo
_986526
245 _aDispute resolution mechanism for the belt and road initiative /
_c Wang, Guiguo
260 _aGateway East, Singapore
_b Zhejiang University Press : Springer
_c 2020
300 _a240p
563 _aHB
942 _2ddc
_cBK
999 _c587371
_d587371